000 01393cam a2200373 i 4500
001 62386
003 Mx-PuUPA
005 20250307122358.0
008 150413s2016 mx gr 000 0 spa d
020 _a9786073145503
040 _aMx-PuUPA
_cMx-PuUPA
_bspa
_dMx-PuUPA
_erda
041 0 _aspa
043 _2mx-mxbn
_bn-mx-mi
100 1 _aLemus, J. Jesús,
_916645
_eautor
245 1 0 _aTierra sin Dios :
_bcrónica del desgobierno y la guerra en Michoacán /
_cJ. Jesús Lemus
250 _aPrimera edición /
_bseptiembre
264 1 _aCiudad de México ;
_bPenguin Random House Grupo Editorial,
_c©2016
300 _a372 páginas ;
_c19 cm
336 _atexto
_2rdacontent
_btxt
337 _2rdamedia
_asin medio
_bn
338 _2rdacarrier
_avolumen
_bnc
490 0 _aColección México Roto
650 7 _913986
_2armarc
_aCrimen organizado
_zMichoacán
_zMéxico
650 7 _2armarc
_aTráfico de drogas
_zMichoacán
_zMéxico
650 7 _2armarc
_aMafía
_zMichoacán
_zMéxico
650 7 _2armarc
_aTráfico de drogas
_zMichoacán
_zMéxico
650 7 _2armarc
_aCorrupción política
_zMéxico
_zMichoacán
651 4 _aMichoacán
_xCondiciones sociales
942 _2ddc
_cLI
_h363.45097237
_iL54
999 _c62386
_d62386